[Event "Lazy op 13th"]
[Site "Lazy"]
[Date "2017.06.25"]
[Round "1"]
[White "Darowicki, Mariusz"]
[Black "Wolaniecki, Patryk"]
[Result "1-0"]
[WhiteElo "1924"]
[BlackElo "1597"]
[PlyCount "119"]
[EventDate "2017.06.25"]
[EventType "swiss"]
[EventRounds "9"]
[EventCountry "POL"]
[SourceTitle "EXT 2018"]
[Source "ChessBase"]
[SourceDate "2017.10.13"]
[SourceVersion "1"]
[SourceVersionDate "2017.10.13"]
[SourceQuality "1"]

1. d4 Nf6 2. c4 e6 3. g3 c5 4. d5 exd5 5. cxd5 d6 6. Nc3 g6 7. Nf3 Bg7 8. Bg2 0-0 9. 0-0 Re8 10. Bf4 a6 11. a4 b6 12. Nd2 Nh5 13. Be3 Nd7 14. Nde4 Ne5 15. Bg5 f6 16. Bc1 f5 17. Ng5 Ra7 18. Ne6 Bxe6 19. dxe6 Kh8 20. e4 fxe4 21. Nxe4 Rxe6 22. Bg5 Qf8 23. Qd5 Qg8 24. Rad1 Rd7 25. Bh3 Nf3+ 26. Kg2 Rxe4 27. Qxg8+ Kxg8 28. Kxf3 Ree7 29. Bxe7 Rxe7 30. Rxd6 b5 31. Be6+ Kf8 32. b3 bxa4 33. bxa4 a5 34. Rb1 Ra7 35. Bc4 Bc3 36. Rb8+ Kg7 37. Rdb6 Nf6 38. R8b7+ Rxb7 39. Rxb7+ Kh6 40. h4 g5 41. hxg5+ Kxg5 42. Bd3 Kh6 43. Kf4 Nh5+ 44. Kg4 Nf6+ 45. Kf5 Nd5 46. Ke6 Nf6 47. Rf7 Kg5 48. f4+ Kg4 49. Rxf6 Bxf6 50. Kxf6 Kxg3 51. Ke5 h5 52. f5 h4 53. f6 h3 54. f7 h2 55. Be4 c4 56. f8Q c3 57. Qf4+ Kh3 58. Qf3+ Kh4 59. Kf5 c2 60. Qg4# 1-0

[Event "EU-ch U12 26th"]
[Site "Prague"]
[Date "2016.08.18"]
[Round "1"]
[White "Wolaniecki, Patryk"]
[Black "Sosovicka, Jakub"]
[Result "0-1"]
[WhiteElo "1669"]
[BlackElo "1959"]
[PlyCount "66"]
[EventDate "2016.08.18"]
[EventType "swiss"]
[EventRounds "9"]
[EventCountry "CZE"]
[SourceTitle "CBM 174 Extra"]
[Source "ChessBase"]
[SourceDate "2016.10.10"]
[SourceVersion "1"]
[SourceVersionDate "2016.10.10"]
[SourceQuality "1"]

1. e4 c5 2. Nf3 d6 3. c3 Nf6 4. Be2 g6 5. 0-0 Bg7 6. h3 0-0 7. d3 Nc6 8. Be3 e5 9. Nbd2 Qe7 10. Nh2 d5 11. Bg5 d4 12. Nb3 a6 13. Bd2 Be6 14. c4 Nd7 15. f4 f5 16. exf5 Bxf5 17. fxe5 Ncxe5 18. Bf4 Rae8 19. Ng4 Nxc4 20. dxc4 Qxe2 21. Nh6+ Bxh6 22. Bxh6 Rf7 23. Nd2 Qxd1 24. Raxd1 Bd3 25. Rfe1 Rfe7 26. Rxe7 Rxe7 27. Bf4 Re2 28. a3 a5 29. b3 Ne5 30. Rc1 Kg7 31. Kh2 Kf6 32. Bh6 g5 33. Rd1 Bc2 0-1

[Event "POL-chT U20 1st League"]
[Site "Suchedniow"]
[Date "2016.07.23"]
[Round "1.16"]
[White "Wolaniecki, Patryk"]
[Black "Kokoszczynski, Jan"]
[Result "0-1"]
[WhiteElo "1659"]
[BlackElo "1927"]
[PlyCount "134"]
[EventDate "2016.07.23"]
[EventType "team-tourn"]
[EventRounds "9"]
[EventCountry "POL"]
[SourceTitle "EXT 2019"]
[Source "ChessBase"]
[SourceDate "2018.10.10"]
[SourceVersion "1"]
[SourceVersionDate "2018.10.10"]
[SourceQuality "1"]

1. e4 c5 2. Nf3 d6 3. c3 Nf6 4. Be2 Bg4 5. 0-0 Nc6 6. d4 e6 7. Bg5 cxd4 8. cxd4 Be7 9. d5 exd5 10. exd5 Bxf3 11. Bxf3 Ne5 12. Nc3 0-0 13. Re1 Rc8 14. Ne4 Nxe4 15. Bxe7 Qxe7 16. Bxe4 f5 17. Bc2 Qg5 18. Bb3 Rfe8 19. Rf1 Ng6 20. Qf3 Re4 21. h3 Re7 22. Rae1 Rce8 23. Rxe7 Rxe7 24. Qg3 Qf6 25. Qc3 Qxc3 26. bxc3 Nf4 27. c4 b6 28. Kh2 Kf7 29. g3 Ng6 30. f4 Re2+ 31. Kg1 Kf6 32. Rf2 Re3 33. Kg2 Nf8 34. Ba4 h6 35. h4 Ra3 36. Bc6 Rc3 37. Bb5 Re3 38. a4 Ke7 39. Ra2 a5 40. Kf2 Re4 41. Kf3 Re1 42. Rb2 Kd8 43. Kf2 Re7 44. Rb1 Nh7 45. Bc6 Kc7 46. Rc1 Nf6 47. Rc2 Ng4+ 48. Kf3 Re3+ 49. Kg2 Re4 50. Kf3 Ne3 51. Re2 Nxc4 52. Rxe4 Nd2+ 53. Ke3 Nxe4 54. g4 Nc3 55. gxf5 b5 56. axb5 Kb6 57. Kd3 Nxb5 58. Kc4 a4 59. Kb4 a3 60. Kb3 Nd4+ 61. Kxa3 Nxc6 62. dxc6 Kxc6 63. Kb4 Kd5 64. Kc3 Ke4 65. f6 gxf6 66. Kd2 Kxf4 67. Kd3 Ke5 0-1

[Event "POL-ch U12"]
[Site "Suwalki"]
[Date "2015.04.14"]
[Round "9.17"]
[White "Wolaniecki, Patryk"]
[Black "Strugarek, Lukasz"]
[Result "1-0"]
[WhiteElo "1612"]
[BlackElo "1412"]
[PlyCount "39"]
[EventDate "2015.04.08"]
[EventType "swiss"]
[EventRounds "9"]
[EventCountry "POL"]
[SourceTitle "EXT 2023"]
[Source "ChessBase"]
[SourceDate "2022.10.05"]
[SourceVersion "1"]
[SourceVersionDate "2022.10.05"]
[SourceQuality "1"]

1. e4 c5 2. Nf3 d6 3. d4 cxd4 4. Nxd4 Nf6 5. Nc3 g6 6. Be3 Bg7 7. f3 Nc6 8. g4 0-0 9. Qd2 Nd7 10. 0-0-0 Nde5 11. Be2 Na5 12. Bf2 Nac4 13. Bxc4 Nxc4 14. Qe2 Na5 15. h4 Bd7 16. h5 Rc8 17. hxg6 hxg6 18. Be3 Nc4 19. Qh2 Nxe3 20. Qh7# 1-0

[Event "Marianske Lazne op 14th"]
[Site "Marianske Lazne"]
[Date "2015.01.23"]
[Round "8"]
[White "Wolaniecki, Patryk"]
[Black "Muecke, Michael"]
[Result "1-0"]
[WhiteElo "1473"]
[BlackElo "1829"]
[PlyCount "55"]
[EventDate "2015.01.17"]
[EventType "swiss"]
[EventRounds "9"]
[EventCountry "CZE"]
[SourceTitle "CBM 164 Extra"]
[Source "ChessBase"]
[SourceDate "2015.03.02"]
[SourceVersion "1"]
[SourceVersionDate "2015.03.02"]
[SourceQuality "1"]

1. e4 e5 2. Nf3 Nc6 3. d4 exd4 4. Nxd4 Nge7 5. Nc3 Ng6 6. Be3 Be7 7. Bc4 Nxd4 8. Bxd4 Bf6 9. 0-0 Bxd4 10. Qxd4 0-0 11. f4 d6 12. Rad1 Bg4 13. Rd3 c6 14. Qxd6 Qb6+ 15. Qd4 Qxb2 16. Rb1 Qa3 17. f5 Rad8 18. Nd5 Qa5 19. fxg6 hxg6 20. Qc3 Qc5+ 21. Ne3 Qh5 22. Rxd8 Rxd8 23. Nxg4 Qxg4 24. Rf1 Qg5 25. Bxf7+ Kh7 26. Qh3+ Qh6 27. Bxg6+ Kxg6 28. Qf5# 1-0

[Event "Marianske Lazne op 14th"]
[Site "Marianske Lazne"]
[Date "2015.01.19"]
[Round "3"]
[White "Wolaniecki, Patryk"]
[Black "Szewc, Dobromila"]
[Result "1-0"]
[WhiteElo "1473"]
[BlackElo "1013"]
[PlyCount "71"]
[EventDate "2015.01.17"]
[EventType "swiss"]
[EventRounds "9"]
[EventCountry "CZE"]
[SourceTitle "CBM 164 Extra"]
[Source "ChessBase"]
[SourceDate "2015.03.02"]
[SourceVersion "1"]
[SourceVersionDate "2015.03.02"]
[SourceQuality "1"]

1. e4 e5 2. Nf3 Nc6 3. d4 exd4 4. Nxd4 Bc5 5. Be3 Qf6 6. c3 Nge7 7. Bc4 d6 8. 0-0 Qg6 9. Nd2 Bg4 10. f3 Bh3 11. Qe2 h5 12. Kh1 Bd7 13. h3 d5 14. exd5 Nxd4 15. Bxd4 Bd6 16. Ne4 Bf4 17. Rae1 0-0-0 18. Bxa7 f5 19. g3 Be5 20. f4 Bxf4 21. Rxf4 fxe4 22. Qxe4 Qxg3 23. Rf3 Qd6 24. Qxe7 Qxe7 25. Rxe7 Rhg8 26. d6 cxd6 27. Bxg8 Bc6 28. Be6+ Bd7 29. Bxd7+ Rxd7 30. Rf8+ Rd8 31. Rff7 Rh8 32. Rc7+ Kd8 33. Bb6 d5 34. Rxb7+ Kc8 35. Rfc7+ Kd8 36. Rb8# 1-0

[Event "POL-chT U19 45th"]
[Site "Maslow Pierwszy"]
[Date "2014.07.31"]
[Round "7"]
[White "Wolaniecki, Patryk"]
[Black "Jobda, Rafal"]
[Result "1-0"]
[WhiteElo "1401"]
[BlackElo "1529"]
[PlyCount "107"]
[EventDate "2014.07.25"]
[EventType "team-tourn"]
[EventRounds "9"]
[EventCountry "POL"]
[SourceTitle "EXT 2015"]
[Source "ChessBase"]
[SourceDate "2014.11.20"]
[SourceVersion "1"]
[SourceVersionDate "2014.11.20"]
[SourceQuality "1"]
[WhiteTeam "Koszalin Hetman Politechnika U19"]
[BlackTeam "Katowice Hetman Szopienice U19"]
[WhiteTeamCountry "POL"]
[BlackTeamCountry "POL"]

1. e4 e5 2. Nf3 Nc6 3. d4 exd4 4. Nxd4 Bc5 5. Nb3 Bb4+ 6. Nc3 Qh4 7. Bd3 Nf6 8. 0-0 Bxc3 9. bxc3 0-0 10. Qf3 Re8 11. Bf4 d6 12. Rae1 Nh5 13. Bg3 Nxg3 14. fxg3 Qe7 15. Nd4 Ne5 16. Qe2 Bd7 17. Nf3 Nxf3+ 18. Qxf3 Be6 19. c4 Qd7 20. h3 Qa4 21. e5 d5 22. c5 a6 23. Qe3 Rab8 24. Qf4 Qxa2 25. Qd4 b5 26. Ra1 Qxa1 27. Rxa1 Ra8 28. Ra5 c6 29. Qa1 Bc8 30. g4 Bb7 31. Qe1 h6 32. c3 Re7 33. Qe3 Rae8 34. Ra2 Rxe5 35. Qf3 Re3 36. Re2 Rxe2 37. Bxe2 a5 38. Bd3 g6 39. Qf4 Re7 40. Qxh6 a4 41. Qd2 Bc8 42. h4 Kg7 43. h5 Bxg4 44. hxg6 Be6 45. Qg5 Ra7 46. Qe5+ Kh6 47. Qh8+ Kg5 48. g3 f5 49. Qh7 Ra8 50. Qe7+ Kxg6 51. Qxe6+ Kg7 52. Qd7+ Kg8 53. Bxf5 a3 54. Bg6 1-0

[Event "POL-chT U19 45th"]
[Site "Maslow Pierwszy"]
[Date "2014.07.26"]
[Round "2"]
[White "Pawlowski, Dawid"]
[Black "Wolaniecki, Patryk"]
[Result "0-1"]
[WhiteElo "1342"]
[BlackElo "1401"]
[PlyCount "118"]
[EventDate "2014.07.25"]
[EventType "team-tourn"]
[EventRounds "9"]
[EventCountry "POL"]
[SourceTitle "EXT 2015"]
[Source "ChessBase"]
[SourceDate "2014.11.20"]
[SourceVersion "1"]
[SourceVersionDate "2014.11.20"]
[SourceQuality "1"]
[WhiteTeam "Gorzow Wielkopolski Stilon U19"]
[BlackTeam "Koszalin Hetman Politechnika U19"]
[WhiteTeamCountry "POL"]
[BlackTeamCountry "POL"]

1. d4 Nf6 2. c4 e6 3. Nc3 Bb4 4. e3 c5 5. a3 Bxc3+ 6. bxc3 Qa5 7. Bd2 0-0 8. Bd3 Nc6 9. Nf3 Qc7 10. Qc2 d5 11. 0-0 Na5 12. cxd5 c4 13. Be2 exd5 14. Rab1 Ne4 15. Rb5 Rd8 16. Ne5 Nb3 17. Bc1 a6 18. Rxd5 Rxd5 19. Qxe4 Be6 20. Nxc4 b5 21. Nd2 Qxc3 22. Nxb3 Qxb3 23. Qd3 Qxd3 24. Bxd3 Bf5 25. Bxf5 Rxf5 26. e4 Rf6 27. Be3 Rc6 28. Bf4 Rc4 29. Rd1 Rd8 30. d5 Rxe4 31. Bc7 Rd7 32. d6 Rc4 33. Re1 f6 34. f3 Rc3 35. Re7 Rxe7 36. dxe7 Kf7 37. Bd6 Re3 38. Kf2 Rxe7 39. Bb4 Ra7 40. Ke3 a5 41. Bc5 Rb7 42. Kd3 b4 43. axb4 axb4 44. Bd4 Ke6 45. Bb2 g6 46. g3 f5 47. f4 Kd5 48. Be5 b3 49. Bb2 Rb5 50. Ke3 Kc4 51. Ke2 Ra5 52. Kd2 Ra2 53. Kc1 Rxb2 54. Kxb2 Kb4 55. h3 h5 56. h4 Kc4 57. g4 hxg4 58. h5 gxh5 59. Kb1 g3 0-1

[Event "POL-ch U10"]
[Site "Jastrzebia Gora"]
[Date "2014.??.??"]
[Round "6"]
[White "Wolaniecki, Patryk"]
[Black "Mechlinski, Jakub"]
[Result "1/2-1/2"]
[WhiteElo "1401"]
[BlackElo "1378"]
[PlyCount "97"]
[EventDate "2014.03.??"]
[EventType "tourn"]
[EventRounds "9"]
[EventCountry "POL"]
[SourceTitle "EXT 2016"]
[Source "ChessBase"]
[SourceDate "2015.10.08"]
[SourceVersion "1"]
[SourceVersionDate "2015.10.08"]
[SourceQuality "1"]

1. e4 c5 2. Nf3 e6 3. d4 cxd4 4. Nxd4 a6 5. Bd3 Bc5 6. Be3 Qb6 7. c3 Qxb2 8. 0-0 Qxa1 9. Qc2 Bxd4 10. Bxd4 f6 11. e5 f5 12. Be2 Nc6 13. Be3 Nge7 14. Nd2 Nb4 15. cxb4 Qxe5 16. Nc4 Qc7 17. Bc5 Qc6 18. Nd6+ Kf8 19. Bf3 Qc7 20. Nxf5 Kf7 21. Bh5+ g6 22. Nh6+ Ke8 23. Qb2 Rf8 24. Rc1 Qf4 25. Be3 Qb8 26. Bf3 d6 27. Ng4 e5 28. Bb6 Nc6 29. Ne3 Be6 30. Nd5 Bxd5 31. Bxd5 Rf4 32. a3 Kd7 33. g3 Rf6 34. Qe2 h5 35. Qe4 Qe8 36. Bxc6+ bxc6 37. Qxc6+ Ke7 38. Qb7+ Ke6 39. Rd1 Qb8 40. Qc6 Ke7 41. Bc7 Qc8 42. Bxd6+ Kf7 43. Qd5+ Re6 44. Bxe5 Qc6 45. Qxc6 Rxc6 46. Rd6 Rxd6 47. Bxd6 Ke6 48. Bc5 Kd5 49. a4 1/2-1/2

[Event "POL-ch U10"]
[Site "Jastrzebia Gora"]
[Date "2014.??.??"]
[Round "4"]
[White "Wolaniecki, Patryk"]
[Black "Oglaza, Oskar"]
[Result "1/2-1/2"]
[WhiteElo "1401"]
[BlackElo "1666"]
[PlyCount "97"]
[EventDate "2014.03.??"]
[EventType "tourn"]
[EventRounds "9"]
[EventCountry "POL"]
[SourceTitle "EXT 2016"]
[Source "ChessBase"]
[SourceDate "2015.10.08"]
[SourceVersion "1"]
[SourceVersionDate "2015.10.08"]
[SourceQuality "1"]

1. e4 c5 2. Nf3 d6 3. c3 Nf6 4. h3 e6 5. Bd3 Nc6 6. 0-0 Be7 7. Bc2 0-0 8. d4 cxd4 9. Nxd4 Nxd4 10. cxd4 b6 11. Nc3 Bb7 12. Qd3 Qc7 13. Be3 Rac8 14. f3 e5 15. d5 Nd7 16. Rac1 Nc5 17. Qe2 Ba6 18. Nb5 Bxb5 19. Qxb5 a6 20. Qe2 Qb7 21. Bd3 Nxd3 22. Qxd3 b5 23. Qd2 b4 24. Rxc8 Rxc8 25. Rc1 a5 26. Rxc8+ Qxc8 27. Qc1 Qb7 28. Qc4 Kf8 29. Kf2 Bd8 30. b3 Ke7 31. Ke2 g6 32. Qc2 Kd7 33. Kf2 Bb6 34. Bxb6 Qxb6+ 35. Kf1 Qb5+ 36. Kf2 h5 37. h4 f6 38. Qc1 Qc5+ 39. Qxc5 dxc5 40. Ke2 c4 41. bxc4 Kd6 42. Kd2 a4 43. Kc2 Kc5 44. Kb2 Kd6 45. Kc2 f5 46. Kb2 fxe4 47. fxe4 Kc5 48. Kc2 Kd6 49. Kb2 1/2-1/2

[Event "Kochan Memorial op 24th"]
[Site "Koszalin"]
[Date "2013.08.16"]
[Round "8"]
[White "Stefanoff, Zdzislaw"]
[Black "Wolaniecki, Patryk"]
[Result "1-0"]
[WhiteElo "1512"]
[BlackElo "1388"]
[PlyCount "103"]
[EventDate "2013.08.10"]
[EventType "swiss"]
[EventRounds "9"]
[EventCountry "POL"]
[SourceTitle "CBM 155 Extra"]
[Source "ChessBase"]
[SourceDate "2013.08.26"]
[SourceVersion "1"]
[SourceVersionDate "2013.08.26"]
[SourceQuality "1"]

1. d4 Nf6 2. c4 e6 3. a3 c5 4. e3 d5 5. Nf3 a6 6. Nc3 Nc6 7. Be2 b6 8. h3 Be7 9. 0-0 0-0 10. cxd5 exd5 11. b3 Bb7 12. Bb2 h6 13. Qc2 cxd4 14. exd4 b5 15. b4 Qb6 16. Rad1 Rac8 17. Qf5 Rcd8 18. Ne5 Nxd4 19. Qd3 Nxe2+ 20. Qxe2 d4 21. Nb1 Be4 22. Nd2 Bc2 23. Rc1 d3 24. Qf3 a5 25. Rfe1 axb4 26. Nc6 Bc5 27. Nxd8 Rxd8 28. Ra1 bxa3 29. Bxa3 Bxa3 30. Rxa3 b4 31. Ra8 b3 32. Rxd8+ Qxd8 33. Ra1 Qd5 34. Ra8+ Kh7 35. Qxd5 Nxd5 36. Rb8 Nc3 37. Kf1 Kg6 38. Ke1 f6 39. Nxb3 Nb1 40. Nd2 Nxd2 41. Kxd2 Kg5 42. Rb4 h5 43. g3 f5 44. h4+ Kh6 45. Rb6+ g6 46. Rb7 Ba4 47. Kxd3 Bc6 48. Rb6 Be4+ 49. Ke3 Bd5 50. Kd4 Bg8 51. Ke5 Bc4 52. f3 1-0

[Event "Kochan Memorial op 24th"]
[Site "Koszalin"]
[Date "2013.08.15"]
[Round "7"]
[White "Wolaniecki, Patryk"]
[Black "Smal, Tobiasz"]
[Result "0-1"]
[WhiteElo "1388"]
[BlackElo "1928"]
[PlyCount "116"]
[EventDate "2013.08.10"]
[EventType "swiss"]
[EventRounds "9"]
[EventCountry "POL"]
[SourceTitle "CBM 155 Extra"]
[Source "ChessBase"]
[SourceDate "2013.08.26"]
[SourceVersion "1"]
[SourceVersionDate "2013.08.26"]
[SourceQuality "1"]

1. e4 e5 2. Nf3 Nc6 3. d4 exd4 4. Nxd4 Qh4 5. Nxc6 Qxe4+ 6. Qe2 Qxe2+ 7. Bxe2 dxc6 8. 0-0 Bf5 9. c3 0-0-0 10. Be3 b6 11. Nd2 Nf6 12. Rad1 Bc2 13. Rc1 Bd3 14. Bxd3 Rxd3 15. Rfd1 Be7 16. Nf3 Rxd1+ 17. Rxd1 Kb7 18. Bg5 h6 19. Bh4 c5 20. Ne5 Rf8 21. f3 a5 22. c4 g5 23. Bf2 Bd6 24. Re1 Bxe5 25. Rxe5 Kc6 26. g4 Ne8 27. Rd5 Nd6 28. b3 a4 29. Kg2 axb3 30. axb3 Ra8 31. Rd3 Ra3 32. Re3 Nb7 33. Re7 Rxb3 34. Rxf7 Rd3 35. Rh7 Rd6 36. Bg3 Rd2+ 37. Kh3 Nd6 38. Rxh6 b5 39. cxb5+ Kxb5 40. Rh7 Kc6 41. Re7 c4 42. Re1 c3 43. Rc1 c2 44. f4 Ne4 45. fxg5 Nxg5+ 46. Kh4 Nf3+ 47. Kh5 Nd4 48. Bf4 Rf2 49. Bg3 Rd2 50. Bf4 Re2 51. h4 Nb3 52. Rf1 Re4 53. g5 Rxf4 54. Re1 Rd4 55. g6 Rd1 56. g7 Rxe1 57. g8Q c1Q 58. Qxb3 Qd1+ 0-1

[Event "Kochan Memorial op 24th"]
[Site "Koszalin"]
[Date "2013.08.13"]
[Round "5"]
[White "Wolaniecki, Patryk"]
[Black "Kupiak, Sylwester"]
[Result "0-1"]
[WhiteElo "1388"]
[BlackElo "1662"]
[PlyCount "116"]
[EventDate "2013.08.10"]
[EventType "swiss"]
[EventRounds "9"]
[EventCountry "POL"]
[SourceTitle "CBM 155 Extra"]
[Source "ChessBase"]
[SourceDate "2013.08.26"]
[SourceVersion "1"]
[SourceVersionDate "2013.08.26"]
[SourceQuality "1"]

1. e4 d5 2. exd5 Qxd5 3. Nc3 Qa5 4. d4 Nf6 5. Bc4 Bg4 6. f3 Bf5 7. Nge2 c6 8. 0-0 e6 9. a3 Bd6 10. Bf4 Bxf4 11. Nxf4 Qc7 12. Nfe2 0-0 13. Ng3 Bg6 14. Nce4 Nbd7 15. Bd3 Nd5 16. Re1 e5 17. Bc4 N5b6 18. Bb3 Rad8 19. dxe5 Nxe5 20. Qe2 Kh8 21. f4 Bxe4 22. Qxe4 Ng4 23. Qf3 Nf6 24. Rad1 Nbd5 25. f5 Rfe8 26. Ne4 Nxe4 27. Rxe4 Rxe4 28. Qxe4 Nf6 29. Rxd8+ Qxd8 30. Qc4 Qd1+ 31. Kf2 Ng4+ 32. Kg3 Ne5 33. Qe4 Qd6 34. Kf2 Qd2+ 35. Kf1 f6 36. Qb4 Qxb4 37. axb4 Ng4 38. Be6 Ne3+ 39. Ke2 Nxc2 40. Kd2 Nxb4 41. Kc3 c5 42. b3 g6 43. g4 Kg7 44. h4 gxf5 45. Bxf5 h6 46. h5 Kf7 47. Kc4 b6 48. Kc3 Ke7 49. Kd2 Kd6 50. Ke3 Ke5 51. Bg6 Nd5+ 52. Kd3 b5 53. Bf5 Nf4+ 54. Kc3 Ne2+ 55. Kd3 Nd4 56. Bd7 Kd6 57. Be8 Ke7 58. Bg6 Nxb3 0-1

[Event "Kochan Memorial op 24th"]
[Site "Koszalin"]
[Date "2013.08.11"]
[Round "3"]
[White "Wolaniecki, Patryk"]
[Black "Lanica, Lukasz"]
[Result "0-1"]
[WhiteElo "1388"]
[BlackElo "1691"]
[PlyCount "84"]
[EventDate "2013.08.10"]
[EventType "swiss"]
[EventRounds "9"]
[EventCountry "POL"]
[SourceTitle "CBM 155 Extra"]
[Source "ChessBase"]
[SourceDate "2013.08.26"]
[SourceVersion "1"]
[SourceVersionDate "2013.08.26"]
[SourceQuality "1"]

1. e4 c5 2. Nf3 Nc6 3. d4 cxd4 4. Nxd4 Nf6 5. Nc3 g6 6. Be3 Bg7 7. Bc4 0-0 8. 0-0 d6 9. h3 Bd7 10. Qd2 Rc8 11. Bb3 Na5 12. Rad1 Nc4 13. Bxc4 Rxc4 14. f3 a6 15. Kh1 Qc8 16. Nde2 b5 17. b3 Rc7 18. b4 Be6 19. a3 Nh5 20. Bd4 Bxd4 21. Qxd4 Bc4 22. g4 Ng3+ 23. Nxg3 Bxf1 24. Nd5 Bc4 25. Nxc7 Qxc7 26. c3 Rc8 27. Rc1 a5 28. h4 axb4 29. axb4 Ra8 30. h5 Ra2 31. f4 e5 32. fxe5 dxe5 33. Qd1 Qe7 34. Kg1 Qh4 35. Rc2 Qxg3+ 36. Kh1 Qh3+ 37. Kg1 Qe3+ 38. Kh2 Rxc2+ 39. Qxc2 Qe2+ 40. Qxe2 Bxe2 41. hxg6 hxg6 42. Kg3 g5 0-1